| 000 | 00897nam a22002297a 4500 | ||
|---|---|---|---|
| 999 |
_c13992 _d13992 |
||
| 003 | AR-CdUCM | ||
| 008 | 190417b ||||| |||| 00| 0 spa d | ||
| 020 | _a84-368-0016-8 | ||
| 040 |
_aMUNICIPALIDAD PROVINCIAL DEL CUSCO _cBIBLIOTECA MUNICIPAL DEL CUSCO |
||
| 082 |
_a659.109 / _bS21 |
||
| 100 |
_aSánchez Guzmán, José Ramón _932645 |
||
| 245 | _aBreve historia de la publicidad / | ||
| 260 |
_aMadrid, _bPirámide, _c1976. |
||
| 300 |
_a151 páginas ; _c23 cm. |
||
| 505 | _aContenido: Las bases del desarrollo histórico de la publicidad -- Prehistoria de la publicidad: mundos antiguos y feudal -- El crecimiento y la configuración técnica de la publicidad -- Madurez de la publicidad ... | ||
| 650 |
_aDesarrollo histórico _932646 |
||
| 650 |
_aPublicidad _923533 |
||
| 650 |
_aEconomía _9382 |
||
| 650 |
_aCapitalismo _93221 |
||
| 942 |
_2ddc _cLIBROS |
||
| 945 |
_aacv _d2019-04-17 |
||